शनिचरी मत जइयो / (Record no. 121944)

MARC details
000 -LEADER
fixed length control field 01115nam a22002657a 4500
005 - DATE AND TIME OF LATEST TRANSACTION
control field 20170124103222.0
010 ## - LIBRARY OF CONGRESS CONTROL NUMBER
LC control number A-670263
020 ## - INTERNATIONAL STANDARD BOOK NUMBER
Terms of availability 50.00
035 ## - SYSTEM CONTROL NUMBER
System control number A-670263
037 ## - SOURCE OF ACQUISITION
Source of stock number/acquisition Cen Lib/Ret
040 ## - CATALOGING SOURCE
Original cataloging agency DPL
Language of cataloging HN
082 ## - DEWEY DECIMAL CLASSIFICATION NUMBER
Edition number 827
Classification number शुक्लके
100 ## - MAIN ENTRY--PERSONAL NAME
Personal name शुक्ला, केशव
9 (RLIN) 116908
245 ## - TITLE STATEMENT
Title शनिचरी मत जइयो /
Statement of responsibility, etc केशव शुक्ला
246 ## - VARYING FORM OF TITLE
Title proper/short title Sanichari mat jaiyo /
Remainder of title by Keshav Shukla
260 ## - PUBLICATION, DISTRIBUTION, ETC. (IMPRINT)
Place of publication, distribution, etc मध्य प्रदेश
Name of publisher, distributor, etc श्री प्रकाशन
Date of publication, distribution, etc 1993
270 ## - ADDRESS
Address एच 24/7 सिविल लाइन कसारिडह
City कसारिडह , मध्य प्रदेश
Postal code 461001
300 ## - PHYSICAL DESCRIPTION
Extent 90पृ. :
Dimensions 20सेमी(सजिल्द)
500 ## - GENERAL NOTE
General note अनुक्रमणिका शामिल
650 ## - SUBJECT ADDED ENTRY--TOPICAL TERM
Topical term or geographic name as entry element हिंदी साहित्य
9 (RLIN) 116909
650 ## - SUBJECT ADDED ENTRY--TOPICAL TERM
Topical term or geographic name as entry element प्रसाद साहित्य
9 (RLIN) 116910
650 ## - SUBJECT ADDED ENTRY--TOPICAL TERM
Topical term or geographic name as entry element Hindi literature
9 (RLIN) 116911
650 ## - SUBJECT ADDED ENTRY--TOPICAL TERM
Topical term or geographic name as entry element Prasad literature
9 (RLIN) 9508
942 ## - ADDED ENTRY ELEMENTS (KOHA)
Source of classification or shelving scheme Dewey Decimal Classification
Koha item type Hindi Books
Classification part 827
Call number suffix शुक्लके
Holdings
Withdrawn status Lost status Damaged status Not for loan Collection code Home library Current library Date acquired Source of acquisition Cost, normal purchase price Total Checkouts Full call number Barcode Date last seen Copy number Cost, replacement price Price effective from Koha item type
      Not For Loan Reference Central Library Central Library 02/01/2016 Cen Lib/Ret 50.00   827 शुक्लके A-670263 02/01/2016 1 50.00 02/01/2016 Hindi Books

© Delhi Public Library
Hit Counter
free hit counter